<?xml version="1.0" encoding="UTF-8"?>
<record
    xmlns:xsi="http://www.w3.org/2001/XMLSchema-instance"
    xsi:schemaLocation="http://www.loc.gov/MARC21/slim http://www.loc.gov/standards/marcxml/schema/MARC21slim.xsd"
    xmlns="http://www.loc.gov/MARC21/slim">

  <leader>02932agaaa2200325   4500</leader>
  <controlfield tag="001">5354</controlfield>
  <controlfield tag="003">IT-RoPAU</controlfield>
  <controlfield tag="005">20220918181230.0</controlfield>
  <controlfield tag="007">d cvaizq</controlfield>
  <controlfield tag="008">50131s9999||||xx ||| |     ||   ||und||</controlfield>
  <datafield tag="040" ind1=" " ind2=" ">
    <subfield code="a">IT-RoPAU</subfield>
    <subfield code="c">IT-RoPAU</subfield>
  </datafield>
  <datafield tag="041" ind1=" " ind2=" ">
    <subfield code="a">ITALIANO</subfield>
  </datafield>
  <datafield tag="100" ind1=" " ind2=" ">
    <subfield code="a">Oldoini Enrico</subfield>
    <subfield code="g">Codice regista SPICS: 3092</subfield>
    <subfield code="9">40120</subfield>
  </datafield>
  <datafield tag="130" ind1=" " ind2=" ">
    <subfield code="a">DON MATTEO</subfield>
    <subfield code="9">40121</subfield>
  </datafield>
  <datafield tag="245" ind1=" " ind2=" ">
    <subfield code="a">DON MATTEO</subfield>
    <subfield code="c">Prodotto da: Jacchia A. Bizzarri -- Sceneggiatura: Bencivenni Alessandro Saverni Domenico -- Diretto da: Oldoini Enrico</subfield>
    <subfield code="p">DON MATTEO (Rif. Codice opera principale : H5354)</subfield>
  </datafield>
  <datafield tag="250" ind1=" " ind2=" ">
    <subfield code="a">Edizione Standard</subfield>
  </datafield>
  <datafield tag="260" ind1=" " ind2=" ">
    <subfield code="a">(ITALIA)</subfield>
    <subfield code="b">LUX VIDE - RAI FICTION / Distribuzione: MULTIMEDIA SAN PAOLO</subfield>
    <subfield code="g">"2000 (1&#xB0; ed.: 2005 ; Ed. Lingua Orig.: 2000)"</subfield>
  </datafield>
  <datafield tag="300" ind1=" " ind2=" ">
    <subfield code="a">DVD</subfield>
    <subfield code="b">sonoro, col.</subfield>
    <subfield code="c">240 minuti</subfield>
  </datafield>
  <datafield tag="508" ind1=" " ind2=" ">
    <subfield code="a">"Fotografia: Lucci Fabrizio; Montaggio: Crociani Raimondo; Musica: Donaggio Pino; Sceneggiatura: Bencivenni Alessandro Saverni Domenico; Scenografia: Rizzato Marisa; Soggetto: Bencivenni Alessandro -- Saverni Domenico"</subfield>
  </datafield>
  <datafield tag="511" ind1=" " ind2=" ">
    <subfield code="a">"Hill Terence; Insinna Flavio; Frassica Nino; Guelta' Natalie; Gori Evelina; Ricci C."</subfield>
  </datafield>
  <datafield tag="520" ind1=" " ind2=" ">
    <subfield code="a">QUESTI DUE DVD CONTENGONO 4 EPISODI DELLA PRIMA SERIE TV. 1-ANNA: ANNA, UNA RAGAZZA ALBANESE INSERITASI NELLA COMUNITA' GRAZIE ALL'AIUTO DI DON MATTEO, VIENE SOSPETTATA DI FURTO. I SUOI DATORI DI LAVORO L'ACCUSANO DI AVER RUBATO UNA GROSSA SOMMA IN SOLDI E ARGENTERIA. DON MATTEO, PARLANDO CON ANNA, SCOPRE CHE LA RAGAZZA VIENE RICATTATA DA ALCUNI ALBANESI CHE VOGLIONO RIPORTARLA SUL MARCIAPIEDE... 2-LA STRATEGIA DELLO SCORPIONE: IL CADAVERE DI UN DETENUTO VIENE SCOPERTO MENTRE DON MATTEO E' IN CARCERE PER SOSTITUIRE ILCAPPELLANO. L'ARMA DEL DELITTO RECA LE IMPRONTE DI UN ALTRO CARCERATO. DONMATTEO AIUTA IL PADRE DI NERINO A RIVELARE UN PARTICOLARE A COSTO DI ALTRIMESI DI DETENZIONE... 3-IL PICCOLO ANGELO: CRISTINA, LA MAMMA DI UN NEONATO, VIENE TROVATA IN COMA IN SEGUITO AD UNA COLLUTTAZIONE E DEL PICCOLO NON C'E' TRACCIA. IL PIRMO INDAGATO E' L'EX FIDANZATO DELLA RAGAZZA MADRE. IL GIOVANE RINALDI AFFERMA, PERO', DI NON SAPERE NULLA DE' DELL'INCIDENTE A CRISTINA NE' DELLA SCOMPARSA DEL PICCOLO... 4-IN ATTESA DI GIUDIZIO: DON MATTEO SI INTERESSA PERSONALMENTE DELLA CAUSA RIGUARDANTE LA MORTE DEL MARITO DINONNA ELIDE, MA VIENE COINVOLTO IN UN OMICIDIO. I CARABINIERI NON POSSONO FAR ALTRO CHE ARRESTARE I SACERDOTE TROVATO CON LA PISTOLA IN MANO...ALLEGATO ANCHE UN LIBRO ISPIRATORE DELLA SERIE CON DUE EPISODI.</subfield>
  </datafield>
  <datafield tag="538" ind1=" " ind2=" ">
    <subfield code="a">PAL, STEREO</subfield>
  </datafield>
  <datafield tag="546" ind1=" " ind2=" ">
    <subfield code="a">ITALIANO</subfield>
  </datafield>
  <datafield tag="650" ind1=" " ind2=" ">
    <subfield code="a">GIALLO</subfield>
    <subfield code="e">DVD-FILM [DVD]</subfield>
    <subfield code="x">Codice MATERIA SPICS: 9947</subfield>
    <subfield code="9">40122</subfield>
  </datafield>
  <datafield tag="700" ind1=" " ind2=" ">
    <subfield code="a">Bencivenni Alessandro </subfield>
    <subfield code="e">(soggetto)</subfield>
    <subfield code="g">Codice Soggetto SPICS: 11783</subfield>
    <subfield code="9">40123</subfield>
  </datafield>
  <datafield tag="700" ind1=" " ind2=" ">
    <subfield code="a">Donaggio Pino</subfield>
    <subfield code="e">(musica)</subfield>
    <subfield code="g">Codice Musica SPICS: 13658</subfield>
    <subfield code="9">40124</subfield>
  </datafield>
  <datafield tag="700" ind1=" " ind2=" ">
    <subfield code="a">Oldoini Enrico </subfield>
    <subfield code="e">(regista)</subfield>
    <subfield code="g">Codice regista SPICS: 3092</subfield>
    <subfield code="9">40125</subfield>
  </datafield>
  <datafield tag="700" ind1=" " ind2=" ">
    <subfield code="a">Saverni Domenico </subfield>
    <subfield code="e">(soggetto)</subfield>
    <subfield code="g">Codice Soggetto 2&#xB0; SPICS: 58073</subfield>
    <subfield code="9">40126</subfield>
  </datafield>
  <datafield tag="942" ind1=" " ind2=" ">
    <subfield code="c">DV</subfield>
    <subfield code="2">ddc</subfield>
  </datafield>
  <datafield tag="999" ind1=" " ind2=" ">
    <subfield code="c">105214</subfield>
    <subfield code="d">105214</subfield>
  </datafield>
  <datafield tag="952" ind1=" " ind2=" ">
    <subfield code="0">0</subfield>
    <subfield code="1">0</subfield>
    <subfield code="4">0</subfield>
    <subfield code="6">H_5354_000000000000000</subfield>
    <subfield code="7">1</subfield>
    <subfield code="a">SPICS</subfield>
    <subfield code="b">SPICS</subfield>
    <subfield code="d">2015-01-31</subfield>
    <subfield code="l">0</subfield>
    <subfield code="o">H5354</subfield>
    <subfield code="r">2015-01-31 00:00:00</subfield>
    <subfield code="w">2015-01-31</subfield>
    <subfield code="y">DV</subfield>
    <subfield code="z">Progr. Ins.: 3267 / N.Vol.:2 / Copie: 1 / Pag.:0 / Copia rara: n.d. / date import: 1.2.2015 / By Epidotti, Trombetti, Vaglietti</subfield>
  </datafield>
</record>
